Statistics for Rammstein Albums

Click here to take the quiz!

General Stats

  • This quiz has been taken 47 times
  • The average score is 7 of 8

Answer Stats

Answer% Correct
Reise, Reise
98%
Mutter
96%
Zeit
96%
Sehnsucht
93%
Liebe ist für alle da
91%
Rosenrot
91%
Untitled
89%
Herzeleid
82%

Score Distribution

Percentile by Number Answered

Percent of People with Each Score

Your Score History

You have not taken this quiz